Valparaíso reencontrado
Guardat en:
| Autor principal: | |
|---|---|
| Format: | Llibre |
| Idioma: | espanyol anglès |
| Publicat: |
Valparaíso
Ediciones Universitarias de Valparaíso
2015
|
| Edició: | 2a. ed |
| Matèries: | |
| Etiquetes: |
Afegir etiqueta
Sense etiquetes, Sigues el primer a etiquetar aquest registre!
|
MARC
| LEADER | 00000cam a2200000 a 4500 | ||
|---|---|---|---|
| 001 | UCD2046 | ||
| 003 | CL-VaPUC | ||
| 008 | 160407e20150000cl |||||||||||||||||spa|d | ||
| 020 | |a 9789561706712 | ||
| 041 | 0 | 7 | |a spa |2 CL-VaPUC |
| 041 | 0 | 7 | |a eng |2 CL-VaPUC |
| 082 | 0 | 4 | |a 983 |b OLI |2 21 |
| 100 | |a Olivares Salinas, Guido |e autor |9 585301 | ||
| 245 | 1 | 0 | |a Valparaíso reencontrado |
| 246 | 1 | 0 | |a Valparaíso revisited |
| 250 | |a 2a. ed | ||
| 300 | |a 155 p | ||
| 942 | |c BK | ||
| 945 | |d 20160407 22:06:00 |a arojas | ||
| 260 | |a Valparaíso |b Ediciones Universitarias de Valparaíso |c 2015 | ||
| 650 | 0 | |a Historia de Chile |9 265473 | |
| 650 | 0 | |a Historia de Valparaíso |9 460237 | |
| 650 | 0 | |a Ciudades |9 265474 | |
| 583 | |a last modification |c 20191002 12:07:47 |k Rodrigo Vera | ||
| 999 | |c 363252 |d 363250 | ||
| 952 | |0 0 |1 0 |3 erd |4 0 |6 983_000000000000000_OLI_2015 |7 0 |8 C |9 475144 |a BIBCUR |b BIBCUR |i 5281024 |o 983 OLI 2015 |p 5281024 |r 2025-04-22 |w 2019-11-24 |y BK |z Catalogado en:20160407 |k CAC | ||